000 00566nam a2200181 a 4500
001 000036761
005 20240301185227.0
008 111020s1974 ru 000 0 spa d
040 _aDO-SdBNP
_bspa
_cBNPHU
082 _axxxx
_bM392o, 1974
100 1 _aMarx, Karl,
_d1818-1883
_930439
245 1 0 _aObras escogidas :
_ben tres tomos /
_cCarlos Marx, F. Engels.
250 _a8a ed.
260 _aMoscú :
_bEditorial Progreso,
_c1974.
300 _a3 v. ;
_c22 cm.
504 _aIncluye notas al pie de las páginas.
700 1 2 _aEngels, Friedrich,
_d1820-1895
_960306
999 _c36252
_d36252